UBT Library

QEVERISJA LOKALE (Record no. 60264)

000 -LEADER
fixed length control field 00319nam a22001457a 4500
008 - FIXED-LENGTH DATA ELEMENTS--GENERAL INFORMATION
fixed length control field 230906b ||||| |||| 00| 0 eng d
020 ## - INTERNATIONAL STANDARD BOOK NUMBER
International Standard Book Number 9789989730528
041 ## - LANGUAGE CODE
Language code of text/sound track or separate title SHQIP
080 ## - UNIVERSAL DECIMAL CLASSIFICATION NUMBER
Universal Decimal Classification number 32
082 ## - DEWEY DECIMAL CLASSIFICATION NUMBER
Classification number 32ALI
100 ## - Rafti
Rafti 35
101 ## - Shkurtesa
Shkurtesa SHP
245 ## - TITLE STATEMENT
Title QEVERISJA LOKALE
Statement of responsibility, etc ALIU.A & STAVILECI.E
942 ## - ADDED ENTRY ELEMENTS (KOHA)
Source of classification or shelving scheme
Item type Books
Holdings
Withdrawn status Lost status Source of classification or shelving scheme Damaged status Not for loan Collection code Permanent location Current location Date acquired Total Checkouts Full call number Barcode Date last seen Price effective from Koha item type
          Koleksioni i përgjithshem UBT - Lipjan UBT - Lipjan 09/06/2023   32ALI 002-800070185 09/06/2023 09/06/2023 Books
          Koleksioni i përgjithshem UBT - Lipjan UBT - Lipjan 09/06/2023   32ALI 002-800070186 09/06/2023 09/06/2023 Books
          Koleksioni i përgjithshem UBT - Lipjan UBT - Lipjan 09/06/2023   32ALI 002-800070187 09/06/2023 09/06/2023 Books
          Koleksioni i përgjithshem UBT - Lipjan UBT - Lipjan 09/06/2023   32ALI 002-800070188 09/06/2023 09/06/2023 Books
          Koleksioni i përgjithshem UBT - Lipjan UBT - Lipjan 09/06/2023   32ALI 002-800070189 09/06/2023 09/06/2023 Books
UBT Library © 2015-2024. All rights reserved University Education for Business and Technology